Statistiques concernant Présidents du Brésil depuis 1985

Cliquez ici pour prendre le quiz!

Statistiques générales

  • Ce quiz a été pris 49 fois
  • Le résultat moyen est 4 sur 9

Statistiques - réponses

Réponse% Correct
Luiz Inácio Lula da Silva
100%
Jair Bolsonaro
91%
Dilma Rousseff
61%
Michel Temer
39%
Fernando Henrique Cardoso
36%
Fernando Collor
21%
Itamar Franco
18%
José Sarney
18%
Tancredo Neves
15%

Distribution des résultats

Percentile par nombre de réponses

% des personnes avec chaque résultat

Votre développement - résultats

Vous n’avez pas pris ce quiz